Guess the rapper with emojis - Statistics

General Stats
  • This quiz has been taken 128 times
  • The average score is 8 of 13
Answer Stats
Hint Answer % Correct
🧊 ice cube
92%
🤰🏻🤰🏼🤰🏽🤰🏾🤰🏿(think of albums) drake
90%
🥫ye kanye
86%
👮🏽‍♂️keef chief keef
83%
👶🏽keem baby keem
81%
👨🏾‍⚕️ dr.dre
67%
🥳➡️🚪 partynextdoor
62%
🤏🏽🚢 lil yachty
60%
🧛🏾‍♂️ playboi carti
47%
🤏🏽🔫⬆️ lil uzi vert
39%
🪖👦🏽 soulja boy
33%
earl 👘 earl sweatshirt
32%
👦🏽🚫⛓️‍💥🔁 nba young boy
12%
No matching quizzes found
Score Distribution
Percent of People with Each Score
Percentile by Number Answered
Your Score History
You have not taken this quiz